Biggest Minor Planets - Statistics

General Stats
  • This quiz has been taken 59 times
  • The average score is 7 of 11
Answer Stats
Radius
(km)
Object Dwarf
planet
% Correct
1188 Pluto
100%
470 Ceres
93%
1163 Eris
85%
715 Makemake
85%
798 Haumea
83%
498 Sedna
83%
455 Orcus
60%
543 Quaoar
58%
615 Gonggong
55%
423 Salacia
40%
400 2002 MS4
8%
No matching quizzes found
Score Distribution
Percent of People with Each Score
Percentile by Number Answered
Your Score History
You have not taken this quiz